Les animaux de la ferme - Statistiques

Statistiques générales
  • Ce quiz a été pris 649 fois
  • Le résultat moyen est 18 sur 21
Statistiques - réponses
Par images Réponse % Correct
Âne
99%
Cheval
99%
Poule
99%
Vache
99%
Cochon
98%
Coq
98%
Canard
96%
Chèvre
96%
Poussin
96%
Chat
95%
Chien
94%
Dindon
93%
Pigeon
92%
Taureau
87%
Veau
85%
Oie
78%
Lapin
75%
Mouton
67%
Dinde
65%
Caneton
56%
Pintade
29%
Aucun quiz correspondant
Distribution des résultats
% des personnes avec chaque résultat
Percentile par nombre de réponses
Votre historique - résultats
Vous n’avez pas pris ce quiz